| 000 | 00713nam a2200265Ia 4500 | ||
|---|---|---|---|
| 001 | 717 | ||
| 005 | 20240113233426.0 | ||
| 007 | ta | ||
| 008 | 050124s1934 a g b000 u eng u | ||
| 020 | _cHB | ||
| 040 | _aRef. stack | ||
| 041 | _aeng | ||
| 082 |
_a954.0 _bTh 372 Ri |
||
| 100 | _aThomson, Edward . | ||
| 245 | 0 |
_aRise and Fulfilment of British Rule in India / _cEdward Thomson and G. T. Garratt. _hTextual Documents |
|
| 250 | _a1st ed / | ||
| 260 |
_aLondon : _bMacmillan and co , _c1934. |
||
| 300 |
_a690p. : _bill 22cm ; |
||
| 653 | _aHistory-British rule in India | ||
| 653 | _aHistory-India-British Rule | ||
| 942 |
_2ddc _cBK |
||
| 999 |
_c715 _d715 |
||